000 01057nji a22002657a 4500
005 2010091704124.0
006 a|||||r|||||00| 0
007 sd ammalaaahaa
008 100830t xxu||||| |||| 00| 0 eng d
028 _a2392 883
_bPolydor
035 _aGR-03110
040 _aSED
_cSED
100 _917455
_aIndia Book House
245 _aAmar chitra katha /
_cby India Book House
_h[sound recording] :
246 _aअमर चित्र कथा / इंडिया बुक हाउस द्वारा
260 _aDum Dum, India
_bPolydor
_c1978
300 _a1 sound disc [Gramophone Recording]:
_banalog, 33 1/3 rpm
_c12 in. (LP)
_fGramophone Record
440 _aAmar chitra katha - Vol.3
_920342
500 _aBrief Record
500 _aRecord labels : Polydor, Red
505 _aSide-1 (Story no.1- Krishna) --Side-2 (Story no.1- Sudama)
650 _aChildren Stories
_zIndia
_91186
_xExcerpts
942 _2ddc
_cGR
999 _c46457
_d46457